| 000 | 00941nam a2200289 a 4500 | ||
|---|---|---|---|
| 001 | vtls001465830 | ||
| 003 | NLI | ||
| 005 | 20210627125657.0 | ||
| 008 | 121201s1980 dcu f000 0 eng | ||
| 039 | 9 |
_y201212011832 _zVLOAD |
|
| 040 |
_aNLI _beng _cDatasoft_FOD _eAACR2 |
||
| 041 | 0 | _aeng | |
| 044 | _a dcu | ||
| 082 | 0 | 4 | _a 001.64 |
| 110 | 1 |
_aUnited States. _bGeneral Accounting Office _9676863 |
|
| 245 | 1 | 0 |
_aComputer in government : _bwe couldn't do without them / _cUnited States General Accounting Office |
| 260 |
_aWashington, D.C. : _bU.S. General Accounting Office, Office of the General Counsel, Index-Digest Section, _c1980 |
||
| 300 |
_avi, 53 p. ; _c23 cm. |
||
| 650 | 0 |
_aComputer programming _9678756 |
|
| 650 | 0 | _aComputer networkses | |
| 650 | 0 | _aData transmission systemses | |
| 887 | _a | ||
| 901 |
_aAD 77491 _b04.08.2010 |
||
| 902 | _aU.S 001.64 Un 3 | ||
| 904 | _lC 1923 | ||
| 999 |
_aVIRTUA40 _c915544 _d915544 |
||
| 942 |
_2ddc _cBKS |
||